Library of the University of Algiers 3
Ibrahim Sultan Cheibout
شعار جامعة الجزائر 3
مكتبة جامعة الجزائر 3
إبراهيم سلطان شيبوط

اقتصاديات الاعمال / (رقم التسجيلة. 42891)

تفاصيل مارك
000 -LEADER
fixed length control field 02285nam a2200241Ia 4500
003 - CONTROL NUMBER IDENTIFIER
control field Ost
005 - DATE AND TIME OF LATEST TRANSACTION
control field 20260507075110.0
008 - FIXED-LENGTH DATA ELEMENTS--GENERAL INFORMATION
fixed length control field 260507s9999||||xx |||||||||||||| ||und||
040 ## - CATALOGING SOURCE
Transcribing agency fsecg
041 ## - LANGUAGE CODE
Language code of text/sound track or separate title ara
082 ## - DEWEY DECIMAL CLASSIFICATION NUMBER
Classification number 330
100 ## - MAIN ENTRY--PERSONAL NAME
Personal name الشنواني، صلاح
Relator term مؤلف
245 #0 - TITLE STATEMENT
Title اقتصاديات الاعمال /
Statement of responsibility, etc. صلاح الشنواني
260 ## - PUBLICATION, DISTRIBUTION, ETC.
Place of publication, distribution, etc. الاسكندرية:
Name of publisher, distributor, etc. شركة جلال للطباعة,
Date of publication, distribution, etc. 2000
300 ## - PHYSICAL DESCRIPTION
Extent 318 صفحة؛
Dimensions 22 سم
520 ## - SUMMARY, ETC.
Summary, etc. هذا الكتاب هو من إعداد الدكتور "صلاح الشنواني" أستاذ إدارة الأعمال المساعد بكلية التجارة بجامعة أسيوط وجامعة بيروت العربية، وفيه يتحدث عن التحليل الاقتصادي لنظريات الربح والمنافسة والطلب والتكلفة والأسعار وغيرها وذلك من خلال اعتماده على الطرق الحديثة في الاقتصاد الرياضي وبحوث السوق، كما ويركز من دراسته لمقرر اقتصاديات الأعمال على تلك النظريات التي يمكن قياسها وتطبيقها في المشاكل الإدارية، كما وركز على الأوجه الرئيسية فقط من اقتصاديات المشروع، وبالاختصار فإن المؤلف سيحاول في دراسته هذه إيجاد تكامل بين العديد من المبادئ والنظريات من ميادين مختلفة، ومن خلال الجوانب التي لها اتصال بالمشاكل الخاصة باتخاذ القرارات ورسم السياسات على مستوى المشروع، وسيكون غرضه من هذه الدراسة رفع كفاية المشروع في تحقيق أهدافه فكان عرضه كالتالي : 1- الأرباح 2- المنافسة 3- تعدد وتنوع السلع 4- نظرية الطلب 5- التكلفة 6- نظرية الاسعار 7- اتخاذ القرارات على مستوى الادارة العليا
653 ## - INDEX TERM--UNCONTROLLED
Uncontrolled term اقتصاديات الأعمال
653 ## - INDEX TERM--UNCONTROLLED
Uncontrolled term التكلفة
653 ## - INDEX TERM--UNCONTROLLED
Uncontrolled term المنافسة
653 ## - INDEX TERM--UNCONTROLLED
Uncontrolled term سياسات الأرباح
653 ## - INDEX TERM--UNCONTROLLED
Uncontrolled term نظرية الطلب
942 ## - ADDED ENTRY ELEMENTS (KOHA)
Koha item type كتب
المقتنيات
Withdrawn status Lost status Source of classification or shelving scheme Damaged status Not for loan Home library Current library Date acquired Serial enumeration / chronology Inventory number Total checkouts Full call number Barcode Date last seen Price effective from Koha item type
    Dewey Decimal Classification   NOT LOAN / إعارة داخلية مكتبة كلية العلوم الإقتصادية والعلوم التجارية وعلوم التسيير مكتبة كلية العلوم الإقتصادية والعلوم التجارية وعلوم التسيير 07/05/2026 الطابق الأرضي 1494/1   أ/1494ن1 1494/1 07/05/2026 07/05/2026 كتب

موارد الويب المفتوحة


© University of Algiers 3 All Rights Reserved
|
Implemented by LECHELAH Riad